Población y salud en Mesoamérica /
El propósito de este estudio fue el de explorar las condiciones de vulnerabilidad sociodemográfica en Costa Rica, a partir del análisis de los cambios en los tipos de hogar y el ciclo de vida de las familias en condiciones de pobreza, utilizando información de las Encuestas de Hogares de 1987, 1994...
Uloženo v:
| Hlavní autor: | |
|---|---|
| Korporativní autor: | |
| Další autoři: | |
| Médium: | Text |
| Vydáno: |
San José:
Centro Centroamericano de Población. CCP
|
| Témata: | |
| Tagy: |
Přidat tag
Žádné tagy, Buďte první, kdo vytvoří štítek k tomuto záznamu!
|
MARC
| LEADER | 00000 a a2200000 04500 | ||
|---|---|---|---|
| 001 | 32235 | ||
| 003 | |||
| 040 | |||
| 020 | |a 9977-15-132-6 | ||
| 090 | |a 201408 | ||
| 100 | |a Chinchilla Arley, Ricardo | ||
| 110 | |a Universidad de Costa Rica. Centro Centroaméricana de Población | ||
| 245 | |a Población y salud en Mesoamérica / |c Ricardo Chinchilla Arley | ||
| 260 | |a San José: |b Centro Centroamericano de Población. CCP | ||
| 300 | |a 538 p. | ||
| 520 | |a El propósito de este estudio fue el de explorar las condiciones de vulnerabilidad sociodemográfica en Costa Rica, a partir del análisis de los cambios en los tipos de hogar y el ciclo de vida de las familias en condiciones de pobreza, utilizando información de las Encuestas de Hogares de 1987, 1994 y 2002 | ||
| 650 | |a ESTRUCTURA DE LA FAMILIA | ||
| 650 | |a FORMACION DE HOGARES | ||
| 650 | |a POBREZA | ||
| 650 | |a ANALISIS DEMOGRAFICO | ||
| 650 | |a RESULTADOS DE INVESTIGACION | ||
| 650 | |a HOGARES | ||
| 650 | |a POBREZA | ||
| 650 | |a ASPECTOS DEMOGRAFICOS | ||
| 700 | |a ed | ||
| 999 | |c 11963 |d 11963 | ||



